The New Colour picture Dictionary for Children / (Record no. 176175)
[ view plain ]
| 000 -LEADER | |
|---|---|
| fixed length control field | 00423 a2200169 4500 |
| 003 - CONTROL NUMBER IDENTIFIER | |
| control field | Nust |
| 005 - DATE AND TIME OF LATEST TRANSACTION | |
| control field | 20240119105151.0 |
| 020 ## - INTERNATIONAL STANDARD BOOK NUMBER | |
| International Standard Book Number | 0710502508 |
| 040 ## - CATALOGING SOURCE | |
| Transcribing agency | Nust |
| 082 ## - DEWEY DECIMAL CLASSIFICATION NUMBER | |
| Classification number | 004.03,BEN |
| 100 ## - MAIN ENTRY--PERSONAL NAME | |
| Personal name | Haddock,peter |
| 9 (RLIN) | 119966 |
| 245 ## - TITLE STATEMENT | |
| Title | The New Colour picture Dictionary for Children / |
| Statement of responsibility, etc. | Archie Bennett |
| 260 ## - PUBLICATION, DISTRIBUTION, ETC. | |
| Place of publication, distribution, etc. | Russia |
| Name of publisher, distributor, etc. | Peter Haddock Ltd |
| 300 ## - PHYSICAL DESCRIPTION | |
| Extent | 251 |
| 700 ## - ADDED ENTRY--PERSONAL NAME | |
| Relator code | Dictionary |
| 942 ## - ADDED ENTRY ELEMENTS (KOHA) | |
| Source of classification or shelving scheme | |
| Koha item type | Book |
| Call number prefix | 004.03,BEN |
| Withdrawn status | Lost status | Source of classification or shelving scheme | Damaged status | Not for loan | Permanent Location | Current Location | Date acquired | Full call number | Barcode | Date last seen | Price effective from | Koha item type | Public note |
|---|---|---|---|---|---|---|---|---|---|---|---|---|---|
| Military College of Signals (MCS) | Military College of Signals (MCS) | 12/12/2016 | 004.03,SHN | MCS2076 | 12/08/2016 | 12/12/2016 | Book | Almirah No.12, Shelf No.1 |
